| 000 | 00338nam a2200121Ia 4500 | ||
|---|---|---|---|
| 008 | 231228s2000 xx 000 0 und d | ||
| 041 | _aeng | ||
| 082 |
_a5.24 _bRAJ |
||
| 100 | _aRAJARAMAN (V) / MURTHY (S.R.) | ||
| 245 | _aParallel Computers-Architecture and Programming | ||
| 260 |
_aNew Delhi _bP.H.I.(3E) E _c2000 |
||
| 300 | _aXII,376 | ||
| 999 |
_c1085999 _d1085999 |
||